STI Review science, technology, industry
Na minha lista:
| Formato: | Livro |
|---|---|
| Idioma: | inglês |
| Publicado em: |
Paris
OECD
1993
|
| Assuntos: | |
| Tags: |
Sem tags, seja o primeiro a adicionar uma tag!
|
MARC
| LEADER | 00000nam a2200000 4500 | ||
|---|---|---|---|
| 001 | c004911 | ||
| 005 | 20240422080223.1 | ||
| 020 | |a 92-64-13954-0 | ||
| 041 | 0 | |a eng | |
| 044 | |a FR | ||
| 245 | 1 | 0 | |a STI Review |b science, technology, industry |
| 264 | 1 | |a Paris |b OECD |c 1993 | |
| 300 | |a 192 s. | ||
| 610 | 2 | 0 | |a veda |
| 610 | 2 | 0 | |a technika |
| 610 | 2 | 0 | |a priemysel |
| 610 | 2 | 0 | |a globalizácia |
| 610 | 2 | 0 | |a rozvoj vedeckotechnický |
| 610 | 2 | 0 | |a internacionalizácia ekonomiky |
| 610 | 2 | 0 | |a firmy |
| 610 | 2 | 0 | |a podnik medzinárodný |
| 610 | 2 | 0 | |a integrácia výroby |
| 610 | 2 | 0 | |a konkurencieschopnosť |
| 610 | 2 | 0 | |a priemysel farmaceutický |
| 610 | 2 | 0 | |a politika hospodárska |
| 610 | 2 | 0 | |a korporácie |